LEADER 01556nam a2200337 i 4500 001 000000175075 003 CaOOAMICUS 005 20220118095206.0 008 081022s2008 it u000 u ita u 013 $a152552 020 $a978-88-250-2084-7 040 $aSeMil$bita 100 1 $aDianin, Giampaolo,$d<1962- >.$0(OLS)http://semarc/name/37752 245 13$aLa famiglia nella cultura della provvisorietà /$cGiampaolo Dianin ; Giuseppe Pellizzaro (a cura) 260 $aPadova :$bFacoltà teologica del Triveneto,$c2008. 260 $aPadova :$bMessaggero,$c2008. 300 $a381 p. ;$c21 cm. 490 0 $aSophia. Didachè. Percorsi ;$v4 650 4$aFamiglia - Concezione cristiana.$0(OLS)http://semarc/subject/1374 650 4$aFamiglia - Studi.$0(OLS)http://semarc/subject/5647 650 4$aMatrimonio - Concezione cristiana.$0(OLS)http://semarc/subject/383 700 1 $aPellizzaro, Giuseppe.$0(OLS)http://semarc/name/65334 830 0$aSophia. Didachè. Percorsi ;$v4.$0(OLS)http://semarc/title/33792 850 $aSeMil 852 $aSeMil$W1$xVenegono$y1$m2E III 380$j125900$B125900$CSeMilBibl$Z2$F136969 $81 961 $aOmaggio: Fumagalli don Aristide 996 $6020$a978-88-250-2084-7$9(OLS)http://semarc/number/163226 996 $6245$aLa famiglia nella cultura della provvisorietà$9(OLS)http://semarc/title/251083 996 $6260$aPadova :$bMessaggero$9(OLS)http://semarc/publisher/29786 996 $6260$aPadova :$bFacoltà teologica del Triveneto$9(OLS)http://semarc/publisher/31198 LEADER 01131nam a2200241 i 4500 001 000000065968 003 CaOOAMICUS 005 20131126000000.0 008 131126s1985 it u000 u ita u 013 $a37140 040 $aSeMil$bita 100 1 $aButtiglione, Rocco,$d<1948- >.$0(OLS)http://semarc/name/15569 245 10$aMetafisica della conoscenza e politica in S. Tommaso d'Aquino /$cRocco Buttiglione ; ISTRA. 260 $aBologna :$bCSEO, Centro Studi Europa Orientale,$ccopyr. 1985. 300 $a128 p. ;$c21 cm. 490 0 $aCSEO Biblioteca. Saggi 600 04$aTommaso : d'Aquino .$0(OLS)http://semarc/subject/115 710 2 $aIstituto di Studi per la Transizione .$0(OLS)http://semarc/name/2798 830 0$aCSEO Biblioteca. Saggi.$0(OLS)http://semarc/title/39645 850 $aSeMil 852 $aSeMil$W1$xVenegono$y1$m2N II 96$j32121$B32121$CSeMilBibl$Z2$F32124 $81 996 $6245$aMetafisica della conoscenza e politica in S. Tommaso d'Aquino$9(OLS)http://semarc/title/104804 996 $6260$aBologna :$bCSEO, Centro Studi Europa Orientale$9(OLS)http://semarc/publisher/38015